Finite Element Modeling for Materials Engineers Using MATLAB® (Record no. 3214)
[ view plain ]
| 000 -LEADER | |
|---|---|
| fixed length control field | 02893nam a22004095i 4500 |
| 007 - PHYSICAL DESCRIPTION FIXED FIELD--GENERAL INFORMATION | |
| fixed length control field | cr nn 008mamaa |
| 008 - FIXED-LENGTH DATA ELEMENTS--GENERAL INFORMATION | |
| fixed length control field | 110804s2011 xxk| s |||| 0|eng d |
| 020 ## - INTERNATIONAL STANDARD BOOK NUMBER | |
| International Standard Book Number | 9780857296610 |
| -- | 978-0-85729-661-0 |
| 040 ## - CATALOGING SOURCE | |
| Original cataloging agency | IMU Kochi Library |
| Language of cataloging | eng |
| 041 0# - LANGUAGE CODE | |
| Language code of text/sound track or separate title | eng |
| 082 04 - DEWEY DECIMAL CLASSIFICATION NUMBER | |
| Classification number | 006.3 |
| Edition number | 23 |
| 100 1# - MAIN ENTRY--PERSONAL NAME | |
| Personal name | Oluwole, Oluleke. |
| 245 10 - TITLE STATEMENT | |
| Title | Finite Element Modeling for Materials Engineers Using MATLAB® |
| Medium | [electronic resource] / |
| 250 ## - EDITION STATEMENT | |
| Edition statement | 1st ed. 2011. |
| 300 ## - PHYSICAL DESCRIPTION | |
| Extent | XI, 120 p. |
| Other physical details | online resource. |
| 505 0# - FORMATTED CONTENTS NOTE | |
| Formatted contents note | 1. The Weak Formulation -- 2. Linear Interpolation Functions -- 3.Derivation of Element Matrices and Solution of the Finite Element Equation -- 4. Steps to Modeling Using PDEToolBox Graphics Interface -- 5. Application of PDEToolBox to Heat Transfer Problems -- 6. Application of PDEToolBox to Elasticity Problems. |
| 520 ## - SUMMARY, ETC. | |
| Summary, etc | The finite element method is often used for numerical computation in the applied sciences. It makes a major contribution to the range of numerical methods used in the simulation of systems and irregular domains, and its importance today has made it an important subject of study for all engineering students. While treatments of the method itself can be found in many traditional finite element books, Finite Element Modeling for Materials Engineers Using MATLAB® combines the finite element method with MATLAB to offer materials engineers a fast and code-free way of modeling for many materials processes. Finite Element Modeling for Materials Engineers Using MATLAB® covers such topics as: developing a weak formulation as a prelude to obtaining the finite element equation, interpolation functions, derivation of elemental equations, and use of the Partial Differential Equation Toolbox™. Exercises are given based on each example and m-files based on the examples are freely available to readers online. Researchers, advanced undergraduate and postgraduate students, and practitioners in the fields of materials and metallurgy will find Finite Element Modeling for Materials Engineers Using MATLAB® a useful guide to using MATLAB for engineering analysis and decision-making. |
| 650 #0 - SUBJECT ADDED ENTRY--TOPICAL TERM | |
| Topical term or geographic name as entry element | Computational intelligence. |
| 650 #0 - SUBJECT ADDED ENTRY--TOPICAL TERM | |
| Topical term or geographic name as entry element | Computer simulation. |
| 650 #0 - SUBJECT ADDED ENTRY--TOPICAL TERM | |
| Topical term or geographic name as entry element | Mathematics |
| General subdivision | Data processing. |
| 650 #0 - SUBJECT ADDED ENTRY--TOPICAL TERM | |
| Topical term or geographic name as entry element | Materials science. |
| 650 14 - SUBJECT ADDED ENTRY--TOPICAL TERM | |
| Topical term or geographic name as entry element | Computational Intelligence. |
| 650 24 - SUBJECT ADDED ENTRY--TOPICAL TERM | |
| Topical term or geographic name as entry element | Computer Modelling. |
| 650 24 - SUBJECT ADDED ENTRY--TOPICAL TERM | |
| Topical term or geographic name as entry element | Computational Science and Engineering. |
| 650 24 - SUBJECT ADDED ENTRY--TOPICAL TERM | |
| Topical term or geographic name as entry element | Materials Science. |
| 852 ## - LOCATION/CALL NUMBER | |
| Location | IMU Kochi Library |
| 856 40 - ELECTRONIC LOCATION AND ACCESS | |
| Uniform Resource Identifier | <a href="https://doi.org/10.1007/978-0-85729-661-0">https://doi.org/10.1007/978-0-85729-661-0</a> |
| 904 ## - LOCAL DATA ELEMENT D, LDD (RLIN) | |
| CATALOGER | Rudra Ranjan |
| 905 ## - LOCAL DATA ELEMENT E, LDE (RLIN) | |
| VERIFIER | Rudra Ranjan |
| 942 ## - ADDED ENTRY ELEMENTS (KOHA) | |
| Item type | E-Book |
| 264 #1 - | |
| -- | London : |
| -- | Springer London : |
| -- | Imprint: Springer, |
| -- | 2011. |
| 338 ## - | |
| -- | online resource |
No items available.